Eastern Utah Libraries Catalog: Duchesne, Heber, Roosevelt, & Vernal

The silencing / (Record no. 354599)

MARC details
000 -LEADER
fixed length control field 02429cgm a2200565Ki 4500
001 - CONTROL NUMBER
control field 1193577847
003 - CONTROL NUMBER IDENTIFIER
control field OCoLC
005 - DATE AND TIME OF LATEST TRANSACTION
control field 20201015102238.0
007 - PHYSICAL DESCRIPTION FIXED FIELD--GENERAL INFORMATION
fixed length control field vd cvaizq
008 - FIXED-LENGTH DATA ELEMENTS--GENERAL INFORMATION
fixed length control field 200908s2020 xxu094 vleng d
024 1# - OTHER STANDARD IDENTIFIER
Standard number or code 031398320937
028 42 - PUBLISHER NUMBER
Publisher number 58339
Source Saban Films
035 ## - SYSTEM CONTROL NUMBER
System control number (OCoLC)1193577847
037 ## - SOURCE OF ACQUISITION
Source of stock number/acquisition Midwest Tape
Note http://www.midwesttapes.com
040 ## - CATALOGING SOURCE
Original cataloging agency TEFMT
Language of cataloging eng
Description conventions rda
Transcribing agency TEFMT
Modifying agency OCLCO
-- TEF
-- SO$
041 1# - LANGUAGE CODE
Language code of text/sound track or separate title eng
Language code of original and/or intermediate translations of text eng
050 #4 - LIBRARY OF CONGRESS CALL NUMBER
Classification number PN1997.2
Item number .S55 2020
082 04 - DEWEY DECIMAL CLASSIFICATION NUMBER
Classification number 791.43/72
Edition number 23
092 ## - LOCALLY ASSIGNED DEWEY CALL NUMBER (OCLC)
Classification number Silencing
245 04 - TITLE STATEMENT
Title The silencing /
Statement of responsibility, etc producer, Cybill Lui Eppich ; writer, Micah Ranum ; director, Robin Pront.
250 ## - EDITION STATEMENT
Edition statement Widescreen version.
264 #1 - Production, Publication, Distribution, Manufacture, and Copyright Notice.
Place of production, publication, distribution, manufacture [United States] :
Name of producer, publisher, distributor, manufacturer Saban Films,
Date of production, publication, distribution, manufacture, or copyr [2020]
300 ## - PHYSICAL DESCRIPTION
Extent 1 videodisc (94 min.) :
Other physical details sound, color ;
Dimensions 4 3/4 in.
336 ## - Content Type
Content type term two-dimensional moving image
337 ## - Media type
Media type term video
338 ## - Carrier type
Carrier type term videodisc
500 ## - GENERAL NOTE
General note Title from sell sheet.
500 ## - GENERAL NOTE
General note Originally released as a motion picture in 2020.
500 ## - GENERAL NOTE
General note Wide screen.
511 1# - PARTICIPANT OR PERFORMER NOTE
Participant or performer note Nikolaj Coster-Waldau, Annabelle Wallis, Zahn McClarnon, Hero Fiennes Tiffin, Zahn McClarnon.
520 ## - SUMMARY, ETC.
Summary, etc A reformed hunter living in isolation on a wildlife sanctuary becomes involved in a deadly game of cat and mouse when he and the local Sheriff set out to track a vicious killer who may have kidnapped his daughter years ago.
521 8# - TARGET AUDIENCE NOTE
Target audience note Rating: R; for violence, some disturbing images, and language.
538 ## - SYSTEM DETAILS NOTE
System details note DVD, wide screen; Dolby digital 5.1.
546 ## - LANGUAGE NOTE
Language note English dialogue; Spanish subtitles; subtitled for the deaf and hard of hearing (SDH).
650 #0 - SUBJECT ADDED ENTRY--TOPICAL TERM
Topical term or geographic name as entry element Murderers
Form subdivision Drama.
9 (RLIN) 5692895
650 #0 - SUBJECT ADDED ENTRY--TOPICAL TERM
Topical term or geographic name as entry element Kidnapping victims
Form subdivision Drama.
9 (RLIN) 5718709
655 #7 - INDEX TERM--GENRE/FORM
Genre/form data or focus term Feature films.
Source of term lcgft.
9 (RLIN) 6379733
655 #7 - INDEX TERM--GENRE/FORM
Genre/form data or focus term Video recordings for the hearing impaired.
Source of term lcgft.
9 (RLIN) 6379734
655 #7 - INDEX TERM--GENRE/FORM
Genre/form data or focus term Fiction films.
Source of term lcgft.
9 (RLIN) 6379735
655 #7 - INDEX TERM--GENRE/FORM
Genre/form data or focus term Thrillers (Motion pictures)
Source of term lcgft.
9 (RLIN) 6379736
655 #7 - INDEX TERM--GENRE/FORM
Genre/form data or focus term Action and adventure films.
Source of term lcgft.
9 (RLIN) 6379737
655 #0 - INDEX TERM--GENRE/FORM
Genre/form data or focus term DVD-Video discs.
9 (RLIN) 6379738
700 1# - ADDED ENTRY--PERSONAL NAME
Personal name Pront, Robin,
Relator term film director.
9 (RLIN) 5934765
700 1# - ADDED ENTRY--PERSONAL NAME
Personal name Coster-Waldau, Nikolaj,
Dates associated with a name 1970-
Relator term actor.
9 (RLIN) 73471
700 1# - ADDED ENTRY--PERSONAL NAME
Personal name Wallis, Annabelle,
Dates associated with a name 1984-
Relator term actor.
9 (RLIN) 6361623
700 1# - ADDED ENTRY--PERSONAL NAME
Personal name McClarnon, Zahn,
Dates associated with a name 1966-
Relator term actor.
9 (RLIN) 6379739
710 2# - ADDED ENTRY--CORPORATE NAME
Corporate name or jurisdiction name as entry element Saban Films,
Relator term publisher.
9 (RLIN) 5814882
907 ## - LOCAL DATA ELEMENT G, LDG (RLIN)
a .b436858605
942 ## - ADDED ENTRY ELEMENTS (KOHA)
Source of classification or shelving scheme Dewey Decimal Classification
Koha item type DVD < 3 months old rated R
Holdings
Withdrawn status Lost status Source of classification or shelving scheme Damaged status Not for loan Collection code Home library Current library Shelving location Date acquired Source of acquisition Total Checkouts Total Renewals Full call number Barcode Date last seen Date checked out Cost, replacement price Price effective from Koha item type
    Dewey Decimal Classification     Movies Wasatch County Library Wasatch County Library Audio Visual Area 10/22/2025 Amazon 11 10 Movie the Silencing 34301002170654 02/02/2026 01/26/2026 12.58 10/22/2025 DVD
This project was made possible through a grant from the Institute of Museum and Library Service administered by the Utah State Library Division.

Wasatch County Library

  • 465 East 1200 South, Heber City, Utah 84032
  • Phone 435-654-1511 | Fax 435-654-6456

Hours

  • Monday - Friday 9:30 AM - 8:00 PM
  • Saturday 9:30 AM - 1:30 PM
  • Closed Sundays and Holidays